National Assembly Library of Thailand

หนังสือมนุษย์ เล่มที่ 33 รู้อังกฤษอีกนิด ชีวิตทำงานสภาก็ง่าย / (ระเบียนเลขที่ 106268)

รายละเอียดในรูปแบบ MARC
000 -LEADER
fixed length control field 01182nam a22002297a 4500
003 - CONTROL NUMBER IDENTIFIER
control field NALT
005 - DATE AND TIME OF LATEST TRANSACTION
control field 20250317141051.0
008 - FIXED-LENGTH DATA ELEMENTS--GENERAL INFORMATION
fixed length control field 250130b th ||||| |||| 00| 0 tha d
040 ## - CATALOGING SOURCE
Original cataloging agency NALT
100 0# - MAIN ENTRY--PERSONAL NAME
Personal name กมลา สาครมณีทรัพย์.
9 (RLIN) 38323
245 10 - TITLE STATEMENT
Title หนังสือมนุษย์ เล่มที่ 33 รู้อังกฤษอีกนิด ชีวิตทำงานสภาก็ง่าย /
Statement of responsibility, etc. กมลา สาครมณีทรัพย์.
260 ## - PUBLICATION, DISTRIBUTION, ETC.
Place of publication, distribution, etc. กรุงเทพฯ :
Name of publisher, distributor, etc. สำนักงานเลขาธิการสภาผู้แทนราษฎร,
Date of publication, distribution, etc. 2568.
306 ## - PLAYING TIME
Playing time 000807
650 #4 - SUBJECT ADDED ENTRY--TOPICAL TERM
Topical term or geographic name entry element ภาษาอังกฤษ
General subdivision การใช้ภาษา
9 (RLIN) 12312
650 #4 - SUBJECT ADDED ENTRY--TOPICAL TERM
Topical term or geographic name entry element การเรียนรู้
9 (RLIN) 4287
650 #4 - SUBJECT ADDED ENTRY--TOPICAL TERM
Topical term or geographic name entry element การเรียนรู้แบบสืบเสาะหาความรู้
9 (RLIN) 65410
850 ## - HOLDING INSTITUTION
Holding institution NALT
856 40 - ELECTRONIC LOCATION AND ACCESS
Uniform Resource Identifier <a href="https://library.parliament.go.th/th/taxonomy/term/475">https://library.parliament.go.th/th/taxonomy/term/475</a>
Link text Video Clip
856 40 - ELECTRONIC LOCATION AND ACCESS
Uniform Resource Identifier <a href="https://youtu.be/T5_KjdlyLDE?si=I3r8Cu82IglE-6hA">https://youtu.be/T5_KjdlyLDE?si=I3r8Cu82IglE-6hA</a>
Link text View on YouTube
942 ## - ADDED ENTRY ELEMENTS (KOHA)
Source of classification or shelving scheme Local Classification
Koha item type Human Book
996 ## - STAFF PROCESSING RECORDS (NALT)
Staff name jamriang.p
Staff type CATSTF
Acquisition or Cataloging date 2025-01-30
998 ## - STAFF NAME (NALT)
-- 1020
-- นางจำเรียง ระวังสำโรง
รายการที่มีในห้องสมุด
Withdrawn status Lost status Source of classification or shelving scheme Damaged status Not for loan Collection code Home library Current library Shelving location Date acquired Total Checkouts Date last seen Price effective from Koha item type Public note
    Local Classification     Web Resources collection National Assembly Library of Thailand National Assembly Library of Thailand Audio-Visual zone 30/01/2025   30/01/2025 30/01/2025 Human Book Click 'Play media' to view
หอสมุดรัฐสภา
สำนักงานเลขาธิการสภาผู้แทนราษฎร เลขที่ 1111 ถนนสามเสน แขวงถนนนครไชยศรี เขตดุสิต กรุงเทพฯ 10300
The Secretariat of the House of Representatives 1111 Samsen Road, Thanon Nakhon Chai Si, Dusit, Bangkok 10300, THAILAND
โทรศัพท์: +66(0) 2242 5900 ต่อ 5714-5 โทรสาร: +66(0) 2242 5990 อีเมล: [email protected]